000 01203cam a22002771a 4500
001 82400
003 BD-RjUL
005 20231204152648.0
008 231205m19531332ir a b 000 0 per d
035 _a(BD-RjUL)82400
040 _aPUL
_beng
_cPUL
_dOCLCQ
_dOCLCF
_dOCLCO
_dOCLCQ
_dNOC
_dOCLCA
_dDLC
041 _aper
082 _223
_a910.02
_bMUJ 1953
100 1 _a‏مستوفى، احمد. ;; Mustawfī, Aḥmad.
_910337
245 1 0 _aجغرافياى عمومى / Jughrāfiyā-yi ʻumūmī /
_ctaʼlīf-i Aḥmad Mustawfī ;; احمد مستوفى.
260 _aTihrān :‏تهران :
_bChāpkhānah-i Dānishgāh,‏انتشارات دانشگاه تهران ؛‏
_c1332- [1953 or 1954]-
300 _avolumes :
_billustrations ;
_c25 cm.
490 1 _aIntishārāt-i Dānishgāh-i Tihrān ;
_v189
504 _aIncludes bibliographical references.
505 1 _aJild-i 1. Kulliyāt.‏جلد 1. کليات.
650 0 _aGeography.
650 7 _aPhysical geography
_910338
776 0 8 _aMustawfī, Aḥmad.
_tJughrāfiyā-yi ʻumūmī.
_dTihrān : Chāpkhānah-i Dānishgāh, 1332- [1953 or 1954]-
830 0 _aPublications de l'Université de Tehran ;
_v189.
_9349
942 _2ddc
_cBK
999 _c82400
_d82400